| 000 | 01064cab a2200325 4500 | ||
|---|---|---|---|
| 001 | WB2822-73 | ||
| 008 | 090401t1992 xxu||||| |||| 00| 0 eng d | ||
| 035 | _a(Sirsi) u26856 | ||
| 041 | _aeng | ||
| 245 | _aRed Book amendments | ||
| 260 | _c1992 | ||
| 350 | _a0 | ||
| 490 |
_aCS Monthly : Rural Practice _v1(9) June 1992, 1&2(1) |
||
| 520 | _aSummarises the amendments to the Red Book in the third mailing of additional material for the Red Book. Includes the definition of open market value and advice to valuers regarding the contaminated land registers. | ||
| 650 | _aASSET VALUATION | ||
| 650 | _aCONTAMINATED LAND REGISTERS | ||
| 650 |
_aContamination _96231 |
||
| 650 | _aENVIRONMENTAL PROTECTION ACT 1990 | ||
| 650 | _aMORTGAGE VALUATIONS | ||
| 650 | _aOPEN MARKET VALUE | ||
| 650 | _aPROVISOS | ||
| 650 | _aRED BOOK AMENDMENTS | ||
| 650 |
_aSurvey reports _96270 |
||
| 650 | _aUNREGULATED PROPERTY UNIT TRUSTS | ||
| 650 | _aVALUATIONS | ||
| 650 | _aVALUE | ||
| 690 | _aRATING AND VALUATION | ||
| 942 | _n0 | ||
| 948 | _c04/03/1997 | ||
| 999 |
_c18088 _d18088 |
||